Normal view
MARC view
- Philippe Rigaux, Michel Scholl, Agnes Voisard
Entry Personal Name
001 - CONTROL NUMBER
- control field: 133025
003 - CONTROL NUMBER IDENTIFIER
- control field: NUST
005 - DATE AND TIME OF LATEST TRANSACTION
- control field: 20260202163650.0
008 - FIXED-LENGTH DATA ELEMENTS
- fixed length control field: 260202|| aca||aabn | a|a d
040 ## - CATALOGING SOURCE
- Original cataloging agency: NUST
- Transcribing agency: NUST
100 ## - HEADING--PERSONAL NAME
- Personal name: Philippe Rigaux, Michel Scholl, Agnes Voisard
670 ## - SOURCE DATA FOUND
- Source citation: Work cat.: (NUST): Philippe Rigaux, Michel Scholl, Agnes Voisard., Spatial Databases /, 2002.
